| 000 | 00930cab a2200181 4500 | ||
|---|---|---|---|
| 001 | L129903 | ||
| 008 | 050603n2005 000 0 eng u | ||
| 035 | _a(Sirsi) u129903 | ||
| 041 | _aeng | ||
| 100 | _aHorton, Karl | ||
| 245 | _aAcademic inflation calculators | ||
| 260 | _c2005 | ||
| 490 |
_aQS Week _v25 May 2005, 12-13(2) |
||
| 520 | _aIllustrates how project costs are often updated using published indices to reflect current prices which can give rise to problems if there is an assumption that inflation affects all projects equally. For example, the price of metal,particularly steel and copper, has risen dramatically but this mainly affects those facilities constructed predominantly from steel. Costs for sports hall frames have risen by 45%, whilst the costs for structures built from other materials have not risen as fast. | ||
| 590 | _aIKA070605 | ||
| 690 | _aBUILT ENVIRONMENT-BUILDING COSTS | ||
| 942 | _n0 | ||
| 999 |
_c75335 _d75335 |
||